000 00647nam a2200205Ii 4500
001 15091
003 CO-ViMGA
008 241108s9999||||xx |||||||||||||| ||und||
040 _aCO-ViMGA
_bspa
_erda
_cCO-ViMGA
041 0 _aspa
082 0 4 _aR 918.614202520 V15d
100 1 _aJenny Vanegas de Avila
_948498
245 1 0 _aDirectorio cultural de Cartagena de indias y bolivar "Por el desarrollo cultural"
264 1 _aBogotá, Colombia : Lealon, 2009
300 _avolumen
336 _atext
_btxt
_2rdacontent
337 _aunmediated
_bn
_2rdamedia
338 _avolume
_bnc
_2rdacarrier
940 _aidficha_siabuc: 14780. -- ficha_no_siabuc:15091
999 _c43140
_d43140